| 000 | 00641nam a2200169 u 4500 | ||
|---|---|---|---|
| 001 | 000030852 | ||
| 005 | 20200930062541.0 | ||
| 008 | 110601s1996 dr r 000 0 spa d | ||
| 040 |
_aDO-SdBNP _bspa _cBNPHU |
||
| 082 |
_axxx _bB142m |
||
| 100 | 1 |
_aBáez, Dulce _957390 |
|
| 245 | 1 | 0 |
_aMetodología para el cálculo del gobierno general / _cDulce Báez. |
| 260 |
_aSanto Domingo : _bBanco Central de la República Dominicana : _bPrograma de las Naciones Unidas para el Desarrollo, _c1996. |
||
| 300 |
_a[32 p.] ; _c28 cm. |
||
| 700 | 1 |
_aSeminario regional sobre la implementación del sistema de cuentas nacionales, 1993 _957391 |
|
| 049 | _aBNPD | ||
| 999 |
_c30344 _d30344 |
||